Loading...
| Science - Chemistry | 0 | 3 | 0 | 0 | 30 | 48 | 64.33 | 2 | 3 | 13.17 | 28.00 |
| History - European | 0 | 3 | 1 | 0 | 25 | 70 | 92.67 | 0 | 2 | 2.88 | 8.42 |
| Science - Other | 0 | 3 | 1 | 0 | 25 | 52 | 56.33 | 2 | 3 | 14.25 | 26.00 |
| History - Other | 0 | 3 | 1 | 0 | 25 | 67 | 75.33 | 1 | 2 | 9.59 | 20.00 |
| Science - Biology | 0 | 2 | 0 | 0 | 20 | 64 | 83.50 | 1 | 1 | 4.64 | 12.00 |
| Mythology | 0 | 2 | 0 | 0 | 20 | 70 | 74.50 | 0 | 1 | 5.81 | 12.00 |
| History - World | 0 | 2 | 1 | 0 | 15 | 15 | 47.50 | 1 | 2 | 11.32 | 14.00 |
| Fine Arts - Classical Music | 0 | 2 | 1 | 0 | 15 | 51 | 71.50 | 0 | 2 | 7.31 | 14.00 |
| Fine Arts - Other | 0 | 2 | 1 | 0 | 15 | 57 | 82.50 | 0 | 2 | 5.88 | 14.00 |
| Science - Physics | 0 | 2 | 1 | 0 | 15 | 43 | 45.00 | 2 | 2 | 11.70 | 20.00 |
| Current Events | 0 | 1 | 0 | 0 | 10 | 88 | 88.00 | 0 | 0 | 3.22 | 10.00 |
| Literature - British | 0 | 2 | 2 | 0 | 10 | 79 | 85.50 | 0 | 1 | 4.19 | 5.33 |
| Popular Culture | 0 | 1 | 0 | 1 | 10 | 95 | 95.00 | 0 | 0 | 2.73 | 4.00 |
| Geography | 0 | 1 | 1 | 0 | 5 | 109 | 109.00 | 0 | 1 | 0.15 | 3.33 |
| Social Science | 0 | 1 | 1 | 0 | 5 | 71 | 71.00 | 1 | 1 | 4.65 | 10.00 |